00542nam a2200157 i 450000100060000000300090000600500170001500700030003200800410003510000230007624501530009926000640025230000220031670000250033885200210036347745ES-MaACL20230906161625.0t|030521s1909 fr ||||1| fre d1 aBlancarnoux, Paul.10aConstructions rurales b: matériaux, habitations des gens, logements des animaux et des récoltes / cpar Paul Blancarnoux et Pierre Blancarnoux. aParis : bL. Laveur, c[1909] (ePoitiers : fBlais et Roy) a269 p. ; c17 cm.1 aBlancarnoux, Pierre. aES-MaACLjF-3317